000 00331nam a2200133Ia 4500
008 240624s9999 xx 000 0 und d
041 _aeng
082 _a330 GOI
100 _aOXFORD
245 _aECONOMIC SURVEY 2009 10
260 _c2010
_aNew Delhi
_bOxford University press
300 _a294 : p. : cm. ; 27
365 _cRS
_b30
999 _c14990
_d14990